Politica agraria /

Bibliographic Details
Main Author: Mendieta y Núñez, Lucio, 1895-
Format: Book
Language:Spanish
Published: Mexico : Instituto de Investigaciones Sociales, 1957.
Subjects:

MARC

Tag First Indicator Second Indicator Subfields
LEADER 00000cam a2200000 4500
001 in00000070756
005 20151008061905.0
008 751013s1957 mx 00000 spa
010 |a  59028970  
035 |a (OCoLC)01699721 
035 |9 AAJ9072AM 
040 |a DLC  |c FUG  |d TXA  |d UtOrBLW 
043 |a n-mx--- 
049 |a TXAM  |c [985328] 
050 0 |a HD1793 1957  |b .M4 
090 |a HD1793  |b .M4 1957 
100 1 |a Mendieta y Núñez, Lucio,  |d 1895- 
245 1 0 |a Politica agraria /  |c Lucio Mendieta y Nunez. 
264 1 |a Mexico :  |b Instituto de Investigaciones Sociales,  |c 1957. 
300 |a  314 pages ;  |c 23 cm. 
336 |a text  |b txt  |2 rdacontent 
337 |a unmediated  |b n  |2 rdamedia 
338 |a volume  |b nc  |2 rdacarrier 
500 |a "Articulos ... publicados principalmente en ... 'El Universal,' a partir de 1937 hasta el ano 1956." 
650 0 |a Agriculture  |x Economic aspects  |z Mexico. 
650 0 |a Land tenure  |z Mexico. 
999 |a MARS 
999 f f |s c81caeb6-35ab-32a5-89d4-834e88882bc4  |i 191a6f85-092e-3615-baed-6ca3b0146ab8  |t 0 
952 f f |p ric  |a Texas A&M University  |b Rellis Campus  |c Joint Library Facility  |d Remote Storage  |t 0  |e HD1793 .M4 1957  |h Library of Congress classification  |i unmediated -- volume  |m A14806126623 
998 f f |a HD1793 .M4 1957  |t 0  |l Remote Storage